书目信息 |
| 题名: |
思想启蒙与文化复兴
|
|
| 作者: | 洪峻峰 著 | |
| 分册: | ||
| 出版信息: | 北京 人民出版社 2006 |
|
| 页数: | 433页 | |
| 开本: | 21cm | |
| 丛书名: | ||
| 单 册: | ||
| 中图分类: | K261.107 , B2 | |
| 科图分类: | ||
| 主题词: | 五四运动--思想史--研究 , 五四运动 , 哲学--中国 | |
| 电子资源: | ||
| ISBN: | 7-01-006000-2 | |
| 000 | 00899nam0 2200277 450 | |
| 001 | 1157433279 | |
| 005 | 20110929155938.14 | |
| 010 | @a7-01-006000-2@dCNY28.00 | |
| 100 | @a20060518d2006 em y0chiy50 ea | |
| 101 | 0 | @achi |
| 102 | @aCN@b110000 | |
| 105 | @ay z 000yy | |
| 106 | @ar | |
| 200 | 1 | @a思想启蒙与文化复兴@e五四思想史论@f洪峻峰著@Asi xiang qi meng yu wen hua fu xin |
| 210 | @a北京@c人民出版社@d2006 | |
| 215 | @a433页@d21cm | |
| 330 | @a本书内容包括:启蒙思想的形成、文学革命的意义、反传统的得失、启蒙进路的歧异、文化方略的改换、再造文明的努力。 | |
| 517 | 1 | @a五四思想史论@Awu si si xiang shi lun |
| 606 | 0 | @a五四运动@x思想史@x研究 |
| 606 | 0 | @a五四运动 |
| 606 | 0 | @a哲学@x中国 |
| 690 | @aK261.107@v4 | |
| 690 | @aB2@v4 | |
| 701 | 0 | @a洪峻峰@4著@Ahong jun feng |
| 801 | 0 | @aCN@b大连网信软件有限公司图书馆·11@c20110929 |
| 905 | @a10447@dB2@eJY141 | |
| 思想启蒙与文化复兴:五四思想史论/洪峻峰著.-北京:人民出版社,2006 |
| 433页;21cm |
| ISBN 7-01-006000-2:CNY28.00 |
| 本书内容包括:启蒙思想的形成、文学革命的意义、反传统的得失、启蒙进路的歧异、文化方略的改换、再造文明的努力。 |
| ● |
| 相关链接 |
|
|
|
|
正题名:思想启蒙与文化复兴
索取号:B2/JY141
 
预约/预借
| 序号 | 登录号 | 条形码 | 馆藏地/架位号 | 状态 | 备注 |
| 1 | 7824639 | 278246391 | 学院路分馆/ [索取号:B2/JY141] | 在馆 | |
| 2 | 7824640 | 278246408 | 学院路分馆/ [索取号:B2/JY141] | 在馆 |